00307nam a22001097a 4500020001800000040000900018082001500027100003600042245004800078260003100126650004000157 a9789690017680 cNUST a297.63 SID aSiddiqui, Muhammad Abdul Majeed aSeeret Ul Nabi Bad Az Wisal Un Nabi. Part-5 aFerozsons:bLahore,c2001. aSareet Ul Nabi Bad Az Wisal Un Nabi